[Event "South Carolina op"]
[Site "Greenville"]
[Date "2006.06.25"]
[Round "5"]
[White "Collin, William"]
[Black "Grimaud, David"]
[Result "0-1"]
[WhiteElo "1710"]
[BlackElo "1440"]
[PlyCount "86"]
[EventDate "2006.06.23"]
[EventType "swiss"]
[EventRounds "5"]
[EventCountry "USA"]
[SourceTitle "EXT 2007"]
[Source "ChessBase"]
[SourceDate "2006.11.23"]
[SourceVersion "1"]
[SourceVersionDate "2006.11.23"]
[SourceQuality "1"]

1. e4 c5 2. Nc3 Nc6 3. Bb5 Qc7 4. d3 e6 5. f4 a6 6. Bxc6 Qxc6 7. Nf3 Nf6 8. 0-0 Be7 9. b3 b5 10. Bb2 Bb7 11. Qe1 h6 12. Qg3 d6 13. f5 exf5 14. exf5 0-0-0 15. Rae1 Rde8 16. Qxg7 Rh7 17. Qg3 Rg8 18. Qh3 Bd8 19. Ne4 Nd7 20. Re2 f6 21. Rfe1 Ne5 22. Nxe5 dxe5 23. Qe3 Bb6 24. Qf3 Qc7 25. c4 Qe7 26. Qh3 b4 27. Qh4 Bd8 28. Rd1 Kc7 29. Bc1 h5 30. Qf2 Rhg7 31. g3 h4 32. Qxc5+ Qxc5+ 33. Nxc5 Bf3 34. Ne6+ Kc6 35. Nxg7 Bxe2 36. Rd2 Bb6+ 37. Kg2 h3+ 38. Kxh3 Bf3 39. g4 Rxg7 40. d4 Bxg4+ 41. Kh4 Bxf5 42. dxe5 Bc7 43. Rf2 Rh7+ 0-1

[Event "South Carolina op"]
[Site "Greenville"]
[Date "2006.06.24"]
[Round "2"]
[White "Grimaud, David"]
[Black "Newcomb, Blaine H"]
[Result "0-1"]
[WhiteElo "1440"]
[BlackElo "1893"]
[PlyCount "74"]
[EventDate "2006.06.23"]
[EventType "swiss"]
[EventRounds "5"]
[EventCountry "USA"]
[SourceTitle "CBM 112 Extra"]
[Source "ChessBase"]
[SourceDate "2006.07.14"]
[SourceVersion "1"]
[SourceVersionDate "2006.07.14"]
[SourceQuality "1"]

1. d4 Nf6 2. c4 e6 3. Nf3 Bb4+ 4. Bd2 Qe7 5. a3 Bxd2+ 6. Nbxd2 Nc6 7. e4 d6 8. Bd3 e5 9. d5 Nb8 10. b4 Nbd7 11. Nb3 0-0 12. Qc2 Nh5 13. c5 Nf4 14. Bf1 f5 15. cxd6 cxd6 16. g3 fxe4 17. Qxe4 Nf6 18. Qc2 N4xd5 19. Bg2 Be6 20. Ng5 Rac8 21. Qb2 Bf5 22. 0-0 Rc2 23. Qb1 Rxf2 24. Qe1 Rxf1+ 25. Bxf1 Nd7 26. Ne4 N7f6 27. Nxf6+ Nxf6 28. Nd4 Be4 29. Nb5 a6 30. Nc3 Bc6 31. Rd1 b5 32. Qd2 d5 33. Bg2 Rd8 34. Ne4 Nxe4 35. Bxe4 Qd7 36. Qg5 Re8 37. Qh5 Qa7+ 0-1

[Event "South Carolina op"]
[Site "Greenville"]
[Date "2006.06.24"]
[Round "3"]
[White "Horwitz, Daniel M"]
[Black "Grimaud, David"]
[Result "1-0"]
[WhiteElo "1717"]
[BlackElo "1440"]
[PlyCount "97"]
[EventDate "2006.06.23"]
[EventType "swiss"]
[EventRounds "5"]
[EventCountry "USA"]
[SourceTitle "EXT 2007"]
[Source "ChessBase"]
[SourceDate "2006.11.23"]
[SourceVersion "1"]
[SourceVersionDate "2006.11.23"]
[SourceQuality "1"]

1. e4 c5 2. Nc3 Nc6 3. Bb5 Qc7 4. Bxc6 Qxc6 5. f4 e6 6. Nf3 Nf6 7. d3 Be7 8. 0-0 0-0 9. Qe1 b5 10. Qg3 b4 11. Ne2 Bb7 12. e5 Ne8 13. Ng5 f6 14. Ne4 d5 15. exf6 Nxf6 16. Nxf6+ Bxf6 17. f5 e5 18. Bg5 Rae8 19. Bxf6 Rxf6 20. Qg5 Kh8 21. Ng3 g6 22. Rae1 gxf5 23. Rxf5 Rxf5 24. Qxf5 Qe6 25. Re2 Qxf5 26. Nxf5 Re6 27. d4 cxd4 28. Nxd4 Re8 29. Nf5 e4 30. Nd6 Re7 31. Nxb7 Rxb7 32. Rd2 Rd7 33. c3 a5 34. Kf2 Kg7 35. Ke3 Kf6 36. c4 Ke6 37. cxd5+ Rxd5 38. Rxd5 Kxd5 39. g4 Ke5 40. b3 Kd5 41. h3 Ke5 42. h4 Kd5 43. g5 Ke5 44. h5 Kf5 45. g6 hxg6 46. hxg6 Kxg6 47. Kxe4 Kf6 48. Kd5 Kf5 49. Kc5 1-0